| 000 | 00815nam a22002777a 4500 | ||
|---|---|---|---|
| 001 | 8790 | ||
| 003 | FISKH | ||
| 005 | 20251021082814.0 | ||
| 008 | 251021b cb ||||| |||| 00| 0 eng d | ||
| 020 | _a9781595152749 | ||
| 040 |
_aFISKH _beng _cFISKH _dFISKH |
||
| 050 | _aBF294.G55 | ||
| 082 | _a508 | ||
| 100 | _aGillis, Jennifer Blizin | ||
| 245 |
_aPatterns in nature / _cby Jennifer Blizin Gillis |
||
| 260 |
_aIllinois : _bRourke, _c2004. |
||
| 300 |
_a16 pages : _bcolor illustrations ; _c20 cm |
||
| 490 | _aReaders for writers | ||
| 505 | _aN | ||
| 520 | _aDescribes The Patterns That Occur In Nature And How Patterns Help Animals. | ||
| 521 | 8 |
_a540
_bLexile |
|
| 521 | 8 |
_aN
_bRaz-Plus |
|
| 650 |
_aAnimals _vNon-fiction _xNature _yPatterns |
||
| 942 |
_2ddc _cBK _n0 |
||
| 999 |
_c8790 _d8790 |
||